Lettres a sa mere
Gardado en:
| Autor Principal: | |
|---|---|
| Formato: | Libro |
| Idioma: | francés |
| Publicado: |
París
Gallimard
1955
|
| Series: | Oeuvres de Saint-Exupery
|
| Subjects: | |
| Tags: |
Engadir etiqueta
Sen Etiquetas, Sexa o primeiro en etiquetar este rexistro!
|
MARC
| LEADER | 00000nam a2200000 a 4500 | ||
|---|---|---|---|
| 001 | UCY6763 | ||
| 003 | CL-VaPUC | ||
| 008 | 950602e19550000FR |||||||||||||||||fre|d | ||
| 082 | 0 | 4 | |a 846 |b SAI |2 21 |
| 100 | 0 | |a Saint-Exupery, Antoine de |e author |9 315926 | |
| 245 | 1 | 0 | |a Lettres a sa mere |
| 300 | |a 229 p | ||
| 942 | |c BK | ||
| 945 | |d 19950602 00:00:00 |a rbrito | ||
| 260 | |a París |b Gallimard |c 1955 | ||
| 600 | 0 | 7 | |a SAINT-EXUPERY, ANTOINE DE |2 CL-VaPUC |9 315926 |
| 650 | 7 | |a CORRESPONDENCIAS |2 CL-VaPUC |9 256500 | |
| 583 | |a last modification |c 19950602 00:00:00 |k Rodrigo Vera | ||
| 490 | 0 | |a Oeuvres de Saint-Exupery | |
| 999 | |c 234280 |d 234278 | ||